HARD NBA Quiz (Almost Impossible) - Statistics

General Stats
  • This quiz has been taken 2,387 times
  • The average score is 7 of 10
Answer Stats
Question Answer % Correct
Which of these NBA Players have won a Finals, FInals MVP, and a DPOY in their career? Kawhi Leonard
90%
This player won Finals MVP, but didn´t win the Finals Jerry West
86%
What team came back from a 3-1 lead, then blew a 3-1 lead in back-to-back playoff series? Golden State Warriors
77%
Which of these NBA players was traded to a different team, then won a championship on that team the same season, then left that team the following off-season in free agency? Kawhi Leonard
75%
Which of these NBA players won ROTY? Malcom Brogdon
72%
Which of these NBA players played College Basketball at Kansas? Joel Embiid
59%
Which of these NBA players NEVER won ROTY? Hakeem Olajuwon
58%
Which of these NBA players won a ring? Gary Payton
55%
Which of these NBA Players have won DPOY? Tyson Chandler
53%
Which of these NBA players are not in the hall of fame? Glen Rice
50%
No matching quizzes found
Score Distribution
Percent of People with Each Score
Percentile by Number Answered
Your Score History
You have not taken this quiz